Statistics for Chains of country names with their first/last two letters in common

Click here to take the quiz!

General Stats

  • This quiz has been taken 1,037 times
  • The average score is 16 of 34

Answer Stats

Answer% Correct
MA
93%
Pana
88%
Bur
76%
ME
70%
Surina
69%
AR
55%
CO
55%
xi
55%
Moldo
54%
VA
54%
dagasc
53%
NA
53%
AN
52%
genti
51%
LA
45%
go
44%
TA
44%
l
43%
nua
42%
TU
42%
DE
40%
os
39%
RU
39%
ssia
39%
u
38%
rkmenist
37%
nmark
35%
tvia
35%
mocratic Republic of the Congo
34%
CA
33%
sta Ri
32%
jikist
31%
iw
26%
pe Ver
20%

Score Distribution

Percentile by Number Answered

Percent of People with Each Score

Your Score History

You have not taken this quiz